| 000 | 00000nam##2200000za#4500 |
| 001 | 9.662973 |
| 003 | CaOODSP |
| 005 | 20210615120826 |
| 007 | ta |
| 008 | 150407|2001||||xxc||||| f|0| 0 eng|d |
| 020 | |a0-662-65906-6 |
| 040 | |aCaOODSP|beng |
| 041 | |aeng |
| 041 | |afre |
| 043 | |an-cn--- |
| 086 | 1 |aC2-583/2001 |
| 110 | 1 |aCanada. |bIndustry Canada. |
| 245 | 10|aScience and technology excellence in the public service : |ba framework for excellence in federally performed science and technology / |cIssued by the Council of Science and Technology Advisors. |
| 260 | |aOttawa - Ontario : |bIndustry Canada |c2001. |
| 300 | |aEnglish text, 32p. : |breferences ; |c28 cm. |
| 546 | |aBilingual |
| 563 | |aSoftcover |
| 590 | |a01-35|b2001-08-31 |
| 690 | 07|aSciences|2gcpds |
| 690 | 07|aTechnology|2gcpds |
| 690 | 07|aPublic service|2gcpds |
| 776 | 0#|tL'excellence en sciences et en technologie dans la fonction publique : |w(CaOODSP)9.639345 |
| 776 | 0#|tScience and technology excellence in the public service : |w(CaOODSP)9.695199 |
| 792 | |tL'excellence en sciences et en technologie dans la fonction publique : |efre|w(CaOODSP)9.662974 |
| 986 | |a53509B |